00395 2200145 4500001002100000005001500021035002000036245009100056100002500147300001200172260003100184082000800215084001400223990001200237INLIS00000000000177920250506084209 a0010-05250000711 aKisah Bawang Merah & Bawang Putih Dan Dongeng Terkenal Lainnya /cAryasatya Ikranegara0 aAryasatya Ikranegara a128 hlm aSurakarta :bLingkar Media a813 a813 ARY k a0754588